000 00966nam a2200217Ia 4500
003 Ost
005 20260507075105.0
008 260507s9999||||xx |||||||||||||| ||und||
020 _a9789961001691
040 _cfsecg
041 _aara
082 _a330.1543
100 _aعبد الكريم، منصور بن عوف
_eمؤلف
245 0 _aمدخل الى الرياضيات المالية /
_c منصور بن عوف عبد الكريم
250 _aطبعة 6
260 _aالجزائر:
_bديوان المطبوعات الجامعية,
_c2016
300 _a142 صفحة؛
_bإيضاحات ؛
_c22 سم
520 _a الرياضيات المالية، حيث تم تقسيمه الى أربعة أقسام: الفائدة البسيطة، الفائدة المركبة، الدفعات المتساوية، و اخيرا المردودية واختيار الاستثمارات.
653 _aالرياضيات المالية
942 _cكتاب
999 _c42819
_d42819